TV Show By Supporting Character Quiz Stats

 Plays Quiz Updated Feb 19, 2019

     
Support Sporcle.
Go Orange.
Score 0/24 Timer 06:00
1 Play Today
Character TV Show % Correct
NewmanSeinfeld
66.4%
Miranda Bailey Grey's Anatomy
54.2%
Andy BernardThe Office
45.2%
Maxwell Q. KlingerM*A*S*H
33.9%
Remy 'Thirteen' Hadley House, M.D.
33.8%
Latka GravasTaxi
33.6%
Benjamin LinusLOST
33.4%
Pearl KrabsSpongeBob SquarePants
28.7%
Lionel HutzThe Simpsons
26.5%
Jason Stackhouse True Blood
24.9%
Chloe O'Brien 24
24.9%
Senor ChangCommunity
19.3%
Character TV Show % Correct
Keith Dudemeister Scrubs
18.6%
Dan FieldingNight Court
17.9%
Andy Botwin Weeds
17.8%
Fin TutuolaLaw and Order: Special Victims Unit
16.3%
James 'Toofer' Spurlock30 Rock
13.8%
Ariel DuboisMedium
8.7%
Natalia Boa VistaCSI: Miami
8.1%
Susie Green Curb Your Enthusiasm
7.6%
CastielSupernatural
7.2%
Buddy LembeckCharles in Charge
7.1%
Harry BentleyThe Jeffersons
5.2%
Emmett MilbargeChuck
3%

From the Vault

Sunday Crossword: Alphabet Soup

by aerodynamic

If your soup ever forms itself into an entire crossword, be very afraid.
Remove Ads.
Support Sporcle.
Get the best of Sporcle when you Go Orange. This ad-free experience offers more features, more stats, and more fun while also helping to support Sporcle. Thank you for becoming a member.

Show Comments

Extras

Top Quizzes Today


Score Distribution

Your Account Isn't Verified!

In order to create a playlist on Sporcle, you need to verify the email address you used during registration. Go to your Sporcle Settings to finish the process.

Report this User

Report this user for behavior that violates our Community Guidelines.

Details: